MARC details
| 000 -CABECERA |
| campo de control de longitud fija |
01712nam a2200193 a 4500 |
| 001 - NÚMERO DE CONTROL |
| campo de control |
000023167 |
| 005 - FECHA Y HORA DE LA ÚLTIMA TRANSACCIÓN |
| campo de control |
20200930022030.0 |
| 008 - DATOS DE LONGITUD FIJA--INFORMACIÓN GENERAL |
| campo de control de longitud fija |
101129s1985 mx r 000 | spa d |
| 040 ## - FUENTE DE LA CATALOGACIÓN |
| Centro catalogador/agencia de origen |
DO-SdBNP |
| Lengua de catalogación |
spa |
| Centro/agencia transcriptor |
BNPHU |
| 082 ## - NÚMERO DE LA CLASIFICACIÓN DECIMAL DEWEY |
| Número de clasificación |
xxx |
| Número de documento/Ítem |
P467s |
| 049 ## - FONDOS LOCALES (OCLC) |
| Fondos de biblioteca |
BNGR |
| 245 10 - MENCIÓN DE TÍTULO |
| Título |
Perspectivas social y política sobre directrices de energía / |
| Mención de responsabilidad, etc. |
editado por Karen M. Gentemann ; traducción de Rosa María Arroyo Tepichin. |
| 260 ## - PUBLICACIÓN, DISTRIBUCIÓN, ETC. |
| Lugar de publicación, distribución, etc. |
Mexico : |
| Nombre del editor, distribuidor, etc. |
Noema, |
| Fecha de publicación, distribución, etc. |
1985. |
| 300 ## - DESCRIPCIÓN FÍSICA |
| Extensión |
262 p. : |
| Otras características físicas |
il., mapas ; |
| Dimensiones |
21 cm. |
| 505 0# - NOTA DE CONTENIDO CON FORMATO |
| Título |
Introducción / |
| Mención de responsabilidad |
Thomas J. Wilbanks |
| Título |
Problemas, dilemas y la crisis de energía / |
| Mención de responsabilidad |
David W. Orr |
| Título |
Evolución de la tecnología: una perspectiva del impacto social en las tecnologías de la energía alternativa / |
| Mención de responsabilidad |
Roger P. Hansen |
| Título |
Comparaciones del uso de la energía entre países: implicaciones para la política de los Estados Unidos / |
| Mención de responsabilidad |
Joel Darmstadter |
| Título |
Costos de energía en aumento y el pobre: nuevos retos para la organización de la comunidad / |
| Mención de responsabilidad |
John W. Hatch y Tony L. Whitehead |
| Título |
Evaluación de los impactos sociales sobre la conservación de la energía / |
| Mención de responsabilidad |
Marvin E. Olson |
| Título |
Consecuencias para la salud de los sistemas de energía alternativa / |
| Mención de responsabilidad |
Carl M. Shy |
| Título |
Altruismo y conservación de la energía: generando apoyo público / |
| Mención de responsabilidad |
Elizabeth Martin |
| Título |
Aspectos intergubernamentales, institucionales y sociales de los sistemas nacionales de producción de energía / |
| Mención de responsabilidad |
Edward L. Helminski |
| Nota de contenido con formato |
Funciones gubernamentales en la administración de energía: una perspectiva de investigación y agenda/ |
| Mención de responsabilidad |
Anne D. Stubbs |
| 534 ## - NOTA SOBRE LA VERSIÓN ORIGINAL |
| Encabezamiento principal del original |
Título original : |
| Mención de título del original |
Social and political perspectives on energy policy |
| 700 1# - PUNTO DE ACCESO ADICIONAL--NOMBRE DE PERSONA |
| Nombre de persona |
Arroyo Tepichin, Rosa María |
| Término indicativo de función/relación |
tr. |
| 9 (RLIN) |
47690 |
| 700 1# - PUNTO DE ACCESO ADICIONAL--NOMBRE DE PERSONA |
| Nombre de persona |
Wilbanks, Thomas J. |
| Término indicativo de función/relación |
introd. |
| 9 (RLIN) |
47691 |